[Event "Goiania Regional Center East"]
[Site "Goiania"]
[Date "2019.11.29"]
[Round "2"]
[White "Franca, Jairo Jr"]
[Black "Aguiar, Arthur Vinicius De"]
[Result "0-1"]
[WhiteElo "1765"]
[BlackElo "1446"]
[PlyCount "62"]
[EventDate "2019.11.29"]
[EventType "swiss"]
[EventRounds "6"]
[EventCountry "BRA"]
[SourceTitle "EXT 2021"]
[Source "ChessBase"]
[SourceDate "2020.10.23"]
[SourceVersion "1"]
[SourceVersionDate "2020.10.23"]
[SourceQuality "1"]

1. e4 c5 2. c3 d5 3. e5 Nc6 4. Nf3 Qc7 5. Bb5 Bg4 6. 0-0 0-0-0 7. Bxc6 Qxc6 8. d4 e6 9. Bg5 f6 10. exf6 gxf6 11. Bh4 Nh6 12. Bxf6 Bd6 13. Nbd2 Rhg8 14. Bxd8 Kxd8 15. Qe1 Qc7 16. Ne5 Bh3 17. g3 Bxf1 18. Kxf1 Bxe5 19. dxe5 Ng4 20. Nf3 Rf8 21. Qe2 Rxf3 22. Kg1 Qf7 23. Rf1 Qh5 24. h4 Ne3 25. Re1 Qg4 26. Kh2 Qf5 27. Kg1 Ng4 28. Rf1 Qd3 29. Qe1 c4 30. Qc1 Rxg3+ 31. Kh1 Qf3# 0-1

[Event "BRA-ch sf1"]
[Site "Brasilia"]
[Date "2019.06.09"]
[Round "5"]
[White "Felix, Raimundo Nascimento"]
[Black "Aguiar, Arthur Vinicius De"]
[Result "1-0"]
[WhiteElo "1995"]
[BlackElo "1841"]
[PlyCount "68"]
[EventDate "2019.06.07"]
[EventType "swiss"]
[EventRounds "5"]
[EventCountry "BRA"]
[SourceTitle "CBM 190 Extra"]
[Source "ChessBase"]
[SourceDate "2019.07.15"]
[SourceVersion "1"]
[SourceVersionDate "2019.07.15"]
[SourceQuality "1"]

1. e4 c5 2. Nc3 Nc6 3. Nf3 e6 4. Bb5 Nd4 5. Nxd4 cxd4 6. Ne2 Qg5 7. Nxd4 Bc5 8. d3 Qe5 9. Nf3 Bxf2+ 10. Kxf2 Qxb5 11. Rf1 Nf6 12. Qe2 0-0 13. Kg1 Re8 14. Qf2 d5 15. e5 Qb6 16. Qxb6 axb6 17. exf6 gxf6 18. Bh6 e5 19. Nh4 e4 20. Rxf6 e3 21. a3 Ra4 22. g3 Bh3 23. Re1 d4 24. Nf3 Rc8 25. Re2 Bg4 26. Kg2 Ra5 27. h3 Bxf3+ 28. Kxf3 Re5 29. Rxb6 Re7 30. Rb5 f6 31. Rd5 Re5 32. Rxd4 Rf5+ 33. Kxe3 Re5+ 34. Re4 Rxe4+ 1-0

[Event "BRA-ch sf1"]
[Site "Brasilia"]
[Date "2019.06.08"]
[Round "3"]
[White "De Oliveira, Henrique Lima"]
[Black "Aguiar, Arthur Vinicius De"]
[Result "1-0"]
[WhiteElo "1800"]
[BlackElo "1841"]
[PlyCount "77"]
[EventDate "2019.06.07"]
[EventType "swiss"]
[EventRounds "5"]
[EventCountry "BRA"]
[SourceTitle "CBM 190 Extra"]
[Source "ChessBase"]
[SourceDate "2019.07.15"]
[SourceVersion "1"]
[SourceVersionDate "2019.07.15"]
[SourceQuality "1"]

1. e4 c5 2. Nf3 Nc6 3. d4 cxd4 4. Nxd4 g6 5. c4 Bg7 6. Be3 Nf6 7. Nc3 0-0 8. Be2 d6 9. 0-0 Bd7 10. Qd2 Nxd4 11. Bxd4 Bc6 12. f3 Nd7 13. b4 b6 14. Rad1 a5 15. a3 Bb7 16. Nd5 axb4 17. axb4 Bxd5 18. exd5 Bxd4+ 19. Qxd4 Ra4 20. Qd2 Qa8 21. Rfe1 Qa7 22. Kh1 Rc8 23. Bf1 Ne5 24. Re4 h5 25. h3 Re8 26. f4 Nd7 27. f5 Nf6 28. Rf4 Ra2 29. Qc1 Rc8 30. Rh4 b5 31. Qg5 Kg7 32. fxg6 fxg6 33. Bd3 Ra1 34. Qxg6+ Kf8 35. Qh6+ Kf7 36. Bg6+ Kg8 37. Bxh5 Nxh5 38. Rg4+ Kf7 39. Qg6+ 1-0

[Event "Brasilia LBX Cup 05"]
[Site "Brasilia"]
[Date "2019.05.18"]
[Round "4"]
[White "Soares, Renan Barbosa Monte"]
[Black "Aguiar, Arthur Vinicius De"]
[Result "1-0"]
[WhiteElo "2087"]
[BlackElo "1851"]
[PlyCount "87"]
[EventDate "2019.05.16"]
[EventType "swiss"]
[EventRounds "6"]
[EventCountry "BRA"]
[SourceTitle "CBM 190 Extra"]
[Source "ChessBase"]
[SourceDate "2019.07.15"]
[SourceVersion "1"]
[SourceVersionDate "2019.07.15"]
[SourceQuality "1"]

1. d4 Nf6 2. c4 g6 3. Nc3 d5 4. cxd5 Nxd5 5. e4 Nxc3 6. bxc3 Bg7 7. Bc4 c5 8. Ne2 Nc6 9. Be3 0-0 10. 0-0 Qc7 11. Rc1 Rd8 12. h3 e5 13. d5 Na5 14. Bd3 c4 15. Bc2 b6 16. Ba4 Nb7 17. Bc6 f5 18. exf5 gxf5 19. Bg5 Rd6 20. Qa4 Bd7 21. Qxc4 Na5 22. Qh4 Bxc6 23. dxc6 Nxc6 24. Ng3 Rf8 25. Rcd1 h6 26. Bc1 Rg6 27. Ba3 Rf7 28. Qc4 Qc8 29. Rd2 b5 30. Qh4 Bf6 31. Qh5 Rfg7 32. Rd6 Rg5 33. Qf3 e4 34. Qe3 Be7 35. Rfd1 Bxd6 36. Rxd6 R5g6 37. Qf4 b4 38. cxb4 Rxd6 39. Qxd6 Qd7 40. Qxh6 Ne5 41. Bb2 Qe7 42. Nxf5 Nf3+ 43. Kh1 Rxg2 44. Nxe7+ 1-0

[Event "BRA-ch U14"]
[Site "Florianopolis"]
[Date "2019.04.21"]
[Round "5"]
[White "Aguiar, Arthur Vinicius De"]
[Black "Feitoza, Gustavo Sampaio Lob"]
[Result "1-0"]
[WhiteElo "1409"]
[BlackElo "1528"]
[PlyCount "89"]
[EventDate "2019.04.18"]
[EventType "swiss"]
[EventRounds "6"]
[EventCountry "BRA"]
[SourceTitle "CBM 190 Extra"]
[Source "ChessBase"]
[SourceDate "2019.07.15"]
[SourceVersion "1"]
[SourceVersionDate "2019.07.15"]
[SourceQuality "1"]

1. e4 e5 2. Nf3 Nc6 3. Bb5 a6 4. Ba4 b5 5. Bb3 Nf6 6. d3 Bc5 7. 0-0 0-0 8. Nbd2 d6 9. c3 Bb7 10. Re1 Qd7 11. h3 Bb6 12. Nf1 Nh5 13. d4 exd4 14. cxd4 Nf6 15. Ng3 h6 16. d5 Ne5 17. Nxe5 dxe5 18. Be3 Ba5 19. Bd2 Bxd2 20. Qxd2 c6 21. d6 c5 22. Bc2 Rfe8 23. Rad1 Rad8 24. Qe3 c4 25. Nf5 Re6 26. Rd2 Kh8 27. Red1 Nh5 28. g3 Nf6 29. b3 Nh5 30. Qc5 Rc8 31. Qe3 Nf6 32. Ne7 Rd8 33. Nf5 Ng8 34. Ne7 Re8 35. Nf5 Rc8 36. bxc4 bxc4 37. Qa3 g6 38. Ba4 Qd8 39. d7 Rb8 40. Nd6 Rxd6 41. Qxd6 Bxe4 42. Qxb8 Qxb8 43. d8Q Qb7 44. Qd7 Qb4 45. Qd6 1-0

[Event "Catalao op 1st"]
[Site "Catalao"]
[Date "2019.02.09"]
[Round "3"]
[White "Castellar, Juarez Iorio"]
[Black "Aguiar, Arthur Vinicius De"]
[Result "1/2-1/2"]
[WhiteElo "1324"]
[BlackElo "1407"]
[PlyCount "101"]
[EventDate "2019.02.09"]
[EventType "swiss"]
[EventRounds "5"]
[EventCountry "BRA"]
[SourceTitle "CBM 189 Extra"]
[Source "ChessBase"]
[SourceDate "2019.05.31"]
[SourceVersion "1"]
[SourceVersionDate "2019.05.31"]
[SourceQuality "1"]

1. Nf3 c5 2. d3 g6 3. g3 Bg7 4. Bg2 Nf6 5. Nbd2 0-0 6. 0-0 d5 7. Re1 Nc6 8. c3 e5 9. e4 dxe4 10. dxe4 Qc7 11. Nf1 Rd8 12. Qe2 b6 13. Bg5 Bb7 14. Bxf6 Bxf6 15. Rad1 Ne7 16. Rxd8+ Rxd8 17. h4 Bg7 18. N3h2 Rd7 19. Bh3 Rd6 20. Bg2 Qd8 21. Ng4 Kh8 22. Nge3 Rd3 23. Rd1 Rxd1 24. Nxd1 f5 25. exf5 Bxg2 26. Kxg2 Nxf5 27. Nde3 Nxe3+ 28. Nxe3 e4 29. Ng4 Qd5 30. Kh2 Qd3 31. Qxd3 exd3 32. Ne3 b5 33. a3 b4 34. Nd5 Kg8 35. Kg2 Kf7 36. axb4 Ke6 37. Nf4+ Kd6 38. bxc5+ Kd7 39. Kf1 Bf8 40. b4 Bg7 41. Nd5 Kc6 42. c4 a5 43. bxa5 Kxc5 44. a6 Kc6 45. Nb4+ Kb6 46. c5+ Ka7 47. c6 Be5 48. Nd5 Kxa6 49. c7 Kb7 50. Ke1 Bd4 51. f3 1/2-1/2

[Event "Florianopolis op 5th"]
[Site "Florianopolis"]
[Date "2019.01.27"]
[Round "10"]
[White "Da Silva Junior, Marco Aurelio"]
[Black "Aguiar, Arthur Vinicius De"]
[Result "1/2-1/2"]
[WhiteElo "1672"]
[BlackElo "1377"]
[PlyCount "43"]
[EventDate "2019.01.21"]
[EventType "swiss"]
[EventRounds "10"]
[EventCountry "BRA"]
[SourceTitle "EXT 2020"]
[Source "ChessBase"]
[SourceDate "2019.10.17"]
[SourceVersion "1"]
[SourceVersionDate "2019.10.17"]
[SourceQuality "1"]

1. b4 d5 2. Bb2 Nf6 3. Nf3 e6 4. a3 c5 5. bxc5 Bxc5 6. d4 Qb6 7. Qc1 Bd6 8. Nbd2 Nc6 9. e3 Bd7 10. c4 Qc7 11. c5 Be7 12. Bd3 0-0 13. Qc2 Rfc8 14. Ne5 b6 15. Nxd7 Qxd7 16. cxb6 Nb4 17. Qb3 Nxd3+ 18. Qxd3 axb6 19. 0-0 Qa4 20. Rfc1 Bd6 21. g3 h6 22. e4 1/2-1/2

[Event "Brasilia Etapa do Rei op"]
[Site "Brasilia"]
[Date "2019.??.??"]
[Round "6"]
[White "Aguiar, Arthur Vinicius De"]
[Black "De Souza, Robson Luiz"]
[Result "1-0"]
[WhiteElo "1765"]
[BlackElo "1800"]
[PlyCount "75"]
[EventDate "2019.03.22"]
[EventType "swiss"]
[EventRounds "6"]
[EventCountry "BRA"]
[SourceTitle "CBM 190 Extra"]
[Source "ChessBase"]
[SourceDate "2019.07.15"]
[SourceVersion "1"]
[SourceVersionDate "2019.07.15"]
[SourceQuality "1"]

1. g3 g6 2. Bg2 Bg7 3. d4 Nf6 4. c4 c6 5. Nf3 Qa5+ 6. Bd2 Qb6 7. Qc2 0-0 8. 0-0 d6 9. Nc3 Nfd7 10. e3 e5 11. Ne2 Re8 12. Bc3 e4 13. Nd2 f5 14. d5 Nf6 15. dxc6 Nxc6 16. Rfd1 Nb4 17. Bxb4 Qxb4 18. a3 Qb6 19. Rac1 Bd7 20. b4 Qa6 21. Qa2 Be6 22. Nf4 Bf7 23. Bf1 Qb6 24. Qc2 Rac8 25. Nb3 Bf8 26. Qd2 Red8 27. Nd5 Nxd5 28. cxd5 Bg7 29. Nd4 Bxd5 30. Nxf5 Bb3 31. Ne7+ Kf8 32. Nxc8 Rxc8 33. Rxc8+ Ke7 34. Rdc1 Ke6 35. Bc4+ Bxc4 36. R1xc4 Qb5 37. Qa2 Qd5 38. Rxe4+ 1-0

[Event "Brasilia Etapa do Rei op"]
[Site "Brasilia"]
[Date "2019.??.??"]
[Round "4"]
[White "Valcarcel, Victor Ignacio Sant"]
[Black "Aguiar, Arthur Vinicius De"]
[Result "1-0"]
[WhiteElo "1799"]
[BlackElo "1765"]
[PlyCount "73"]
[EventDate "2019.03.22"]
[EventType "swiss"]
[EventRounds "6"]
[EventCountry "BRA"]
[SourceTitle "CBM 190 Extra"]
[Source "ChessBase"]
[SourceDate "2019.07.15"]
[SourceVersion "1"]
[SourceVersionDate "2019.07.15"]
[SourceQuality "1"]

1. e4 c5 2. c4 Nc6 3. Nc3 g6 4. g3 Bg7 5. Nge2 e5 6. Bg2 Nge7 7. 0-0 0-0 8. d3 d6 9. f4 exf4 10. Bxf4 Bg4 11. h3 Bxe2 12. Qxe2 Nd4 13. Qd2 Nec6 14. Rf2 Ne6 15. Be3 Be5 16. Bh6 Ng7 17. Nd5 a5 18. Raf1 f6 19. g4 Nb4 20. Ne3 Qd7 21. a3 Nc6 22. Nd5 Qd8 23. g5 Bd4 24. gxf6 Rxf6 25. Nxf6+ Qxf6 26. Be3 Bxe3 27. Qxe3 Qe6 28. Rf6 Qe5 29. R6f2 Nf5 30. Qg5 Ng3 31. Qxe5 Nxe5 32. Rd1 Nh5 33. d4 Nxc4 34. dxc5 dxc5 35. Rc1 b5 36. e5 Nxe5 37. Bxa8 1-0

[Event "Brasilia Marista op IRT"]
[Site "Brasilia"]
[Date "2018.08.26"]
[Round "2.3"]
[White "Aguiar, Arthur Vinicius De"]
[Black "De Souza Sa, Apolo"]
[Result "0-1"]
[WhiteElo "1430"]
[BlackElo "1991"]
[PlyCount "74"]
[EventDate "2018.08.26"]
[EventType "swiss"]
[EventRounds "5"]
[EventCountry "BRA"]
[SourceTitle "CBM 186 Extra"]
[Source "ChessBase"]
[SourceDate "2018.08.24"]
[SourceVersion "1"]
[SourceVersionDate "2018.08.24"]
[SourceQuality "1"]

1. e4 c5 2. Nf3 d6 3. d4 cxd4 4. Nxd4 Nf6 5. Nc3 a6 6. f3 e5 7. Nb3 Be6 8. Be3 Be7 9. Qd2 0-0 10. 0-0-0 a5 11. g4 a4 12. Na1 a3 13. Nb3 axb2+ 14. Kxb2 Bxb3 15. cxb3 h6 16. h4 Ne8 17. g5 h5 18. Bc4 g6 19. f4 exf4 20. Bxf4 Nc6 21. Nd5 Ne5 22. Bxe5 dxe5 23. Nxe7+ Qxe7 24. Qf2 Nd6 25. Bd5 Nb5 26. Rc1 Nd4 27. a4 Qb4 28. Ka2 Ra6 29. Qe1 Qd6 30. Qd1 b5 31. Rc3 Qb4 32. Rhh3 bxa4 33. bxa4 Rb8 34. Qc1 Ne2 35. Bxf7+ Kg7 36. Qa1 Nxc3+ 37. Rxc3 Rxa4+ 0-1

[Event "BRA-ch U12"]
[Site "Florianopolis"]
[Date "2018.05.01"]
[Round "6"]
[White "Dos Santos, Gabriel Martins"]
[Black "Aguiar, Arthur Vinicius De"]
[Result "0-1"]
[WhiteElo "1830"]
[BlackElo "1417"]
[PlyCount "96"]
[EventDate "2018.04.28"]
[EventType "swiss"]
[EventRounds "6"]
[EventCountry "BRA"]
[SourceTitle "EXT 2021"]
[Source "ChessBase"]
[SourceDate "2020.10.23"]
[SourceVersion "1"]
[SourceVersionDate "2020.10.23"]
[SourceQuality "1"]

1. d4 Nf6 2. c4 g6 3. Nc3 d5 4. cxd5 Nxd5 5. e4 Nxc3 6. bxc3 Bg7 7. Nf3 c5 8. Bb2 0-0 9. Bc4 Nc6 10. 0-0 Bg4 11. dxc5 Qa5 12. Be2 Qxc5 13. Qd5 Qb6 14. Qb3 Qc7 15. h3 Be6 16. Qc2 Nb4 17. Qa4 Nc6 18. Nd4 Nxd4 19. cxd4 Bd7 20. Qc4 Rac8 21. Qxc7 Rxc7 22. Rac1 Rfc8 23. Rxc7 Rxc7 24. Rc1 Rxc1+ 25. Bxc1 Bxd4 26. Ba3 e6 27. Bf3 Bc6 28. Bd6 e5 29. Bb8 Kg7 30. g3 Bd7 31. h4 Be6 32. a4 a5 33. Bd1 h5 34. Bc7 b6 35. Bd8 f6 36. Bc7 Bd7 37. Bd6 Bc6 38. Kg2 Bxe4+ 39. Bf3 Bxf3+ 40. Kxf3 Kf7 41. Ke2 Ke6 42. Ba3 Bc5 43. Bxc5 bxc5 44. Kd3 Kd5 45. Kc3 c4 46. Kd2 Kc5 47. Kc3 e4 48. Kc2 Kb4 0-1

[Event "BRA-ch U12"]
[Site "Florianopolis"]
[Date "2018.04.30"]
[Round "5"]
[White "Aguiar, Arthur Vinicius De"]
[Black "Giordani, Joao Guilherme"]
[Result "1-0"]
[WhiteElo "1417"]
[BlackElo "1796"]
[PlyCount "45"]
[EventDate "2018.04.28"]
[EventType "swiss"]
[EventRounds "6"]
[EventCountry "BRA"]
[SourceTitle "EXT 2021"]
[Source "ChessBase"]
[SourceDate "2020.10.23"]
[SourceVersion "1"]
[SourceVersionDate "2020.10.23"]
[SourceQuality "1"]

1. e4 e5 2. Nf3 Nc6 3. Bb5 Nge7 4. d3 a6 5. Ba4 d6 6. c3 Bg4 7. 0-0 b5 8. Bb3 Ng6 9. h3 Bxf3 10. Qxf3 Qf6 11. Qxf6 gxf6 12. Be3 Na5 13. Bc2 Ne7 14. a4 f5 15. axb5 axb5 16. b4 fxe4 17. dxe4 Nec6 18. bxa5 Rxa5 19. Nd2 Rxa1 20. Rxa1 Be7 21. Ra8+ Nd8 22. Bd3 c6 23. Nb3 1-0

[Event "Brasilia IRT U16/18"]
[Site "Brasilia"]
[Date "2018.03.03"]
[Round "2.9"]
[White "Aguiar, Arthur Vinicius De"]
[Black "Martins, Arthur Nunes"]
[Result "1-0"]
[WhiteElo "1407"]
[BlackElo "1244"]
[PlyCount "81"]
[EventDate "2018.03.02"]
[EventType "swiss"]
[EventRounds "6"]
[EventCountry "BRA"]
[SourceTitle "EXT 2022"]
[Source "ChessBase"]
[SourceDate "2021.10.06"]
[SourceVersion "1"]
[SourceVersionDate "2021.10.06"]
[SourceQuality "1"]

1. e4 e5 2. Nf3 Nc6 3. Bb5 a6 4. Ba4 Nf6 5. d3 b5 6. Bb3 Na5 7. Nxe5 Nxb3 8. axb3 d6 9. Nf3 h6 10. 0-0 Bg4 11. Nbd2 Be7 12. Re1 0-0 13. Nf1 Re8 14. h3 Bd7 15. Bf4 c5 16. e5 dxe5 17. Nxe5 Bd6 18. Nxd7 Qxd7 19. Qf3 Bxf4 20. Qxf4 Rxe1 21. Rxe1 Qc6 22. Re7 Re8 23. Qc7 Rc8 24. Qxc6 Rxc6 25. Ne3 Kf8 26. Ra7 Kg8 27. Nf5 Kf8 28. Ra8+ Ne8 29. Rd8 f6 30. Nxg7 Kxg7 31. Rxe8 Kg6 32. Kh2 Kf5 33. Kg3 Kg5 34. h4+ Kf5 35. Kf3 Kg6 36. g4 Rd6 37. h5+ Kg5 38. Rg8+ Kh4 39. Rg6 Rd7 40. Rxh6 Rg7 41. Rg6 1-0

[Event "Brasilia IRT U16/18"]
[Site "Brasilia"]
[Date "2018.03.03"]
[Round "3.7"]
[White "Felix, Luiza de Oliveira"]
[Black "Aguiar, Arthur Vinicius De"]
[Result "1-0"]
[WhiteElo "1628"]
[BlackElo "1407"]
[PlyCount "65"]
[EventDate "2018.03.02"]
[EventType "swiss"]
[EventRounds "6"]
[EventCountry "BRA"]
[SourceTitle "EXT 2022"]
[Source "ChessBase"]
[SourceDate "2021.10.06"]
[SourceVersion "1"]
[SourceVersionDate "2021.10.06"]
[SourceQuality "1"]

1. c4 c5 2. Nf3 Nf6 3. g3 g6 4. Bg2 Bg7 5. 0-0 0-0 6. d4 cxd4 7. Nxd4 Nc6 8. Nc2 d6 9. Nc3 Bd7 10. Rb1 Rc8 11. b3 a6 12. Bb2 Qc7 13. Nd5 Nxd5 14. Bxg7 Kxg7 15. cxd5 Ne5 16. Nd4 Qb6 17. Qd2 Rc7 18. Qe3 Kg8 19. h3 f6 20. f4 Nf7 21. Kh2 Re8 22. Qd2 Rec8 23. f5 Kg7 24. Qe3 Ne5 25. Ne6+ Bxe6 26. Qxb6 Bxf5 27. e4 Bd7 28. Qg1 Bb5 29. Rfc1 Nd3 30. Rxc7 Rxc7 31. a4 Bd7 32. Qe3 Rc3 33. Rd1 1-0

[Event "Florianopolis op 4th"]
[Site "Florianopolis"]
[Date "2018.01.22"]
[Round "6"]
[White "Tomiello, Lucas Costamilan"]
[Black "Aguiar, Arthur Vinicius De"]
[Result "1-0"]
[WhiteElo "1805"]
[BlackElo "1332"]
[PlyCount "71"]
[EventDate "2018.01.19"]
[EventType "swiss"]
[EventRounds "10"]
[EventCountry "BRA"]
[SourceTitle "EXT 2019"]
[Source "ChessBase"]
[SourceDate "2018.10.10"]
[SourceVersion "1"]
[SourceVersionDate "2018.10.10"]
[SourceQuality "1"]

1. e4 c5 2. Nf3 d6 3. d4 cxd4 4. Nxd4 Nf6 5. Nc3 g6 6. Be3 Bg7 7. f3 0-0 8. Qd2 Nc6 9. Bc4 Bd7 10. 0-0-0 Rc8 11. Bb3 Na5 12. Kb1 Nc4 13. Bxc4 Rxc4 14. h4 h5 15. Nb3 a5 16. e5 dxe5 17. Nc5 Rxc5 18. Bxc5 Re8 19. g4 hxg4 20. fxg4 Qc7 21. g5 Bg4 22. gxf6 Bxd1 23. fxg7 Kxg7 24. Rxd1 Qxc5 25. h5 Qc6 26. Qg5 Qf6 27. Qg2 Qc6 28. Qe2 f6 29. Rg1 g5 30. Qd3 Qe6 31. Qg6+ Kf8 32. Rxg5 Rd8 33. Rg1 Qf7 34. Qh6+ Ke8 35. Qh8+ Kd7 36. Rd1+ 1-0

[Event "Florianopolis op 4th"]
[Site "Florianopolis"]
[Date "2018.01.20"]
[Round "3"]
[White "Aguiar, Arthur Vinicius De"]
[Black "Souza, Rodrigo Vilas Boas"]
[Result "0-1"]
[WhiteElo "1332"]
[BlackElo "1850"]
[PlyCount "74"]
[EventDate "2018.01.19"]
[EventType "swiss"]
[EventRounds "10"]
[EventCountry "BRA"]
[SourceTitle "CBM 182 Extra"]
[Source "ChessBase"]
[SourceDate "2018.02.23"]
[SourceVersion "1"]
[SourceVersionDate "2018.02.23"]
[SourceQuality "1"]

1. c4 Nf6 2. g3 g6 3. Bg2 Bg7 4. Nc3 0-0 5. Nf3 c5 6. 0-0 Nc6 7. b3 d5 8. d3 Bg4 9. Bb2 d4 10. Nb1 Qd7 11. Nbd2 e5 12. Qc2 Nb4 13. Qd1 Rfe8 14. a3 Nc6 15. Qc2 Rac8 16. Rfc1 Bh6 17. Re1 Rcd8 18. Bc1 Bg7 19. Bb2 b6 20. Ng5 h6 21. Nge4 Nh5 22. f3 Be6 23. Nf2 f5 24. e3 dxe3 25. Rxe3 f4 26. gxf4 Nxf4 27. Kh1 Bf5 28. Nde4 Qe7 29. Ng3 Qh4 30. Nxf5 gxf5 31. Rg1 Kh8 32. Bc1 Nd4 33. Qb2 Nh5 34. Bf1 f4 35. Re1 Nxf3 36. Rg2 Ng3+ 37. Rxg3 Qxh2# 0-1

[Event "Brasilia Terraviva op"]
[Site "Brasilia"]
[Date "2018.01.14"]
[Round "6"]
[White "Aguiar, Arthur Vinicius De"]
[Black "Hoshino, Meilin"]
[Result "0-1"]
[WhiteElo "1332"]
[BlackElo "1548"]
[PlyCount "82"]
[EventDate "2018.01.11"]
[EventType "swiss"]
[EventRounds "7"]
[EventCountry "BRA"]
[SourceTitle "CBM 182 Extra"]
[Source "ChessBase"]
[SourceDate "2018.02.23"]
[SourceVersion "1"]
[SourceVersionDate "2018.02.23"]
[SourceQuality "1"]

1. c4 c6 2. g3 d5 3. cxd5 cxd5 4. Bg2 Nf6 5. d4 Nc6 6. Nf3 e6 7. Nc3 Be7 8. 0-0 0-0 9. e3 a6 10. a3 b5 11. b4 Bb7 12. Bb2 Qb6 13. Qd3 Rfc8 14. Rfc1 Bf8 15. Nd2 Ne7 16. Nb3 Nd7 17. Na5 Rc7 18. Nxb7 Qxb7 19. Ne2 Rac8 20. Rxc7 Rxc7 21. Rc1 Nb6 22. Rxc7 Qxc7 23. Qc3 Nc4 24. h4 Nc6 25. Bc1 a5 26. bxa5 Qxa5 27. e4 Qxc3 28. Nxc3 Bxa3 29. exd5 exd5 30. Bxa3 Nxa3 31. Bxd5 Nxd4 32. Kf1 Nac2 33. Ne2 Kf8 34. Nxd4 Nxd4 35. Ke1 Ke7 36. Kd2 f5 37. Kd3 Ne6 38. f4 Kd6 39. Bf3 Kc5 40. Kc3 b4+ 41. Kb3 Nd4+ 0-1

[Event "Brasilia Terraviva op"]
[Site "Brasilia"]
[Date "2018.01.14"]
[Round "7"]
[White "Raggiotto, Mauro Cezar"]
[Black "Aguiar, Arthur Vinicius De"]
[Result "0-1"]
[WhiteElo "1471"]
[BlackElo "1332"]
[PlyCount "106"]
[EventDate "2018.01.11"]
[EventType "swiss"]
[EventRounds "7"]
[EventCountry "BRA"]
[SourceTitle "CBM 182 Extra"]
[Source "ChessBase"]
[SourceDate "2018.02.23"]
[SourceVersion "1"]
[SourceVersionDate "2018.02.23"]
[SourceQuality "1"]

1. d4 Nf6 2. Nf3 g6 3. Bf4 Bg7 4. e3 0-0 5. Be2 d5 6. Nbd2 b6 7. 0-0 Bb7 8. c3 Nbd7 9. h3 c5 10. Rc1 Rc8 11. Re1 Ne4 12. Qc2 cxd4 13. exd4 f5 14. Bh2 Bh6 15. Rcd1 Ndf6 16. Qb3 g5 17. Nxe4 fxe4 18. Ne5 Nd7 19. Bg4 Rc7 20. Be6+ Kg7 21. Nxd7 Rxd7 22. Be5+ Kg6 23. f3 Rc7 24. Bxc7 Qxc7 25. Bxd5 exf3 26. Qc2+ Kg7 27. Bxb7 f2+ 28. Kh1 fxe1Q+ 29. Rxe1 Qxb7 30. Qe2 Rf7 31. Qe5+ Kg8 32. Qg3 Qd7 33. b3 Qd6 34. Qg4 Qf4 35. Qc8+ Bf8 36. Qc4 Qg3 37. Rf1 e6 38. Qxe6 Qc7 39. d5 Qe7 40. Rxf7 Qxf7 41. Qxf7+ Kxf7 42. Kg1 Kf6 43. Kf2 Ke5 44. c4 Kd4 45. Ke2 Kc3 46. g4 Kc2 47. Ke3 Kb2 48. Kd3 Kxa2 49. Kc2 Ka3 50. Kc3 a6 51. Kc2 Bg7 52. d6 Bf6 53. d7 a5 0-1

[Event "Brasilia Terraviva op"]
[Site "Brasilia"]
[Date "2018.01.12"]
[Round "2"]
[White "Taira, Erick Hideki"]
[Black "Aguiar, Arthur Vinicius De"]
[Result "1/2-1/2"]
[WhiteElo "1752"]
[BlackElo "1332"]
[PlyCount "81"]
[EventDate "2018.01.11"]
[EventType "swiss"]
[EventRounds "7"]
[EventCountry "BRA"]
[SourceTitle "CBM 182 Extra"]
[Source "ChessBase"]
[SourceDate "2018.02.23"]
[SourceVersion "1"]
[SourceVersionDate "2018.02.23"]
[SourceQuality "1"]

1. e4 c5 2. Nf3 d6 3. d4 cxd4 4. Nxd4 Nf6 5. Nc3 g6 6. Be3 Bg7 7. f3 0-0 8. Qd2 Nc6 9. 0-0-0 Bd7 10. Kb1 Rc8 11. h4 Na5 12. g4 h5 13. Bh6 Nc4 14. Bxc4 Rxc4 15. Bxg7 Kxg7 16. gxh5 Nxh5 17. Rdg1 e6 18. Nde2 Qe7 19. Ng3 Rh8 20. Qf2 b6 21. Nce2 Rc5 22. Rd1 a5 23. Qd4+ Qf6 24. Qxf6+ Kxf6 25. Rxd6 Bc6 26. Nxh5+ Rhxh5 27. Nd4 Ke5 28. Rxc6 Kxd4 29. Rxb6 Ke3 30. Rb3+ Kf4 31. Rb7 Rh7 32. a3 g5 33. h5 Kxf3 34. a4 g4 35. Rb5 Rc4 36. Rg5 Rxe4 37. h6 Kg2 38. Rh4 Kg3 39. Rhh5 f5 40. Rg7 Rh8 41. h7 1/2-1/2

[Event "Brasilia Terraviva op"]
[Site "Brasilia"]
[Date "2018.01.11"]
[Round "1"]
[White "Aguiar, Arthur Vinicius De"]
[Black "Guimaraes, Artemis Pamela"]
[Result "0-1"]
[WhiteElo "1332"]
[BlackElo "1929"]
[PlyCount "72"]
[EventDate "2018.01.11"]
[EventType "swiss"]
[EventRounds "7"]
[EventCountry "BRA"]
[SourceTitle "CBM 182 Extra"]
[Source "ChessBase"]
[SourceDate "2018.02.23"]
[SourceVersion "1"]
[SourceVersionDate "2018.02.23"]
[SourceQuality "1"]

1. e4 e5 2. Nf3 Nc6 3. Bb5 Nf6 4. d3 d6 5. c3 g6 6. 0-0 Bg7 7. Nbd2 0-0 8. Re1 Bd7 9. Ba4 Qe8 10. Bb3 Na5 11. Bc2 c5 12. Nf1 Nc6 13. Ne3 Rd8 14. Nc4 Bc8 15. Bg5 h6 16. Bxf6 Bxf6 17. Ne3 Bg7 18. Ba4 a6 19. a3 b5 20. Bb3 Be6 21. Nd5 Na5 22. Bc2 c4 23. Nc7 Qc6 24. Nxe6 fxe6 25. Nh4 Rf6 26. Re3 g5 27. Nf3 Rdf8 28. d4 Rf4 29. d5 exd5 30. Qxd5+ Qxd5 31. exd5 e4 32. Nd4 Bxd4 33. cxd4 Rxf2 34. Bxe4 Rxb2 35. Rg3 Rff2 36. Bb1 Nb3 0-1

[Event "Brasilia-ch"]
[Site "Brasilia"]
[Date "2017.11.15"]
[Round "2"]
[White "Aguiar, Arthur Vinicius De"]
[Black "Bueno, Fabio Marvulle"]
[Result "0-1"]
[WhiteElo "1296"]
[BlackElo "1662"]
[PlyCount "62"]
[EventDate "2017.11.15"]
[EventType "swiss"]
[EventRounds "7"]
[EventCountry "BRA"]
[SourceTitle "EXT 2019"]
[Source "ChessBase"]
[SourceDate "2018.10.10"]
[SourceVersion "1"]
[SourceVersionDate "2018.10.10"]
[SourceQuality "1"]

1. e4 c5 2. Nf3 e6 3. d4 cxd4 4. Nxd4 Nc6 5. Nc3 Nf6 6. Bg5 h6 7. Bh4 d6 8. Be2 Be7 9. Qd2 a6 10. 0-0-0 Bd7 11. Bg3 Rc8 12. Kb1 b5 13. Bf3 Ne5 14. Nb3 Qc7 15. a3 Nc4 16. Qd3 e5 17. Na2 0-0 18. Nd2 Be6 19. Nb4 a5 20. Nd5 Bxd5 21. exd5 Qb6 22. Nxc4 Rxc4 23. Qd2 Rfc8 24. c3 b4 25. cxb4 axb4 26. a4 Qa5 27. b3 Rd4 28. Qe2 Nxd5 29. Bxd5 Qxd5 30. f4 Qxb3+ 31. Qb2 Rxd1+ 0-1